¿Se ha terminado la conexión de las hamburguesas?: la ganadería y la desforestaciones en Centroamérica en los ochentas y noventas /
保存先:
| 第一著者: | |
|---|---|
| フォーマット: | 図書 |
| タグ: |
タグ追加
タグなし, このレコードへの初めてのタグを付けませんか!
|
MARC
| LEADER | 00000nam a22000007a 4500 | ||
|---|---|---|---|
| 003 | cru CIDCACS/IIS | ||
| 005 | 20230829135950.0 | ||
| 007 | ta | ||
| 008 | 161013 cr||||| |||| 00| 0 spa d | ||
| 040 | |c cru CIDCACS/IIS | ||
| 100 | 1 | |9 6195 |a Kaimowitz, David | |
| 245 | 1 | 1 | |a ¿Se ha terminado la conexión de las hamburguesas?: |b la ganadería y la desforestaciones en Centroamérica en los ochentas y noventas / |c David Kaimowitz |
| 300 | |a páginas 175-196 : |b tablas | ||
| 773 | 0 | |0 18597 |9 49 |a Taller sobre Reforma de la Políticas de Gobierno Relacionadas con la Conservación y el Desarrollo Forestal de América Latina |d San José, Costa Rica Instituto Interamericano de Cooperación para la Agricultura 1995 |o 16456 |t Libro de lecturas del taller / |z 9290392843 | |
| 942 | |2 ddc |c LI | ||
| 999 | |c 18601 |d 18601 | ||
| 773 | 0 | |0 18597 |9 49 |a Taller sobre Reforma de la Políticas de Gobierno Relacionadas con la Conservación y el Desarrollo Forestal de América Latina |d San José, Costa Rica Instituto Interamericano de Cooperación para la Agricultura 1995 |o 16456 |t Libro de lecturas del taller / |z 9290392843 | |



